000
00297nam a22001097a 4500
008
170123b xxu||||| |||| 00| 0 eng d
020
_a
9781608318018
041
_a
eng
080
_2
3RD
_a
618.2
245
_a
ESSENTIALS OF MATENRITY, NEWBORNM, AND WOMEN'S HEALTH NURSING
_c
RICCI, S.S
942
_2
udc
_c
BK
999
_c
3348
_d
3348